Diseño del sistema de abastecimiento de agua potable para la comunidad el Boquerón, municipio de Teustepe

Presenta el diseño del sistema de abastecimiento de agua potable para la comunidad el Boquerón, municipio de Teustepe, se realizó en diseño de un sistema de agua potable el cual consistió en aprovechar las aguas subterráneas como fuente de abastecimiento en cuya extracción se utilizará un eq...

Full description

Bibliographic Details
Main Authors: Martínez Quintanilla, Donald Yader, Marín Espino, Carlos Ramón
Other Authors: Tutor: González Arias, Horacio José
Format: Tesis Section = Libro
Language:Undetermined
Spanish
Published: Managua UNI 2013
Subjects:
LEADER 01263nam a2200265Ia 4500
008 240830s9999 xx 000 0 und d
040 |a BIBLIOTECA-RUPAP Mon 628.72 M385 
041 |a spa 
082 |a Mon 628.72 M385 
100 1 |a Martínez Quintanilla, Donald Yader 
100 1 |b  Marín Espino, Carlos Ramón 
245 1 0 |a Diseño del sistema de abastecimiento de agua potable para la comunidad el Boquerón, municipio de Teustepe 
260 |a Managua  |b UNI  |c 2013 
300 |a 75 p. :il. 
500 |a Contiene: anexos. 
502 |a Tesis (Ingeniero Agrícola)- UNI, 2013. 
520 3 |a Presenta el diseño del sistema de abastecimiento de agua potable para la comunidad el Boquerón, municipio de Teustepe, se realizó en diseño de un sistema de agua potable el cual consistió en aprovechar las aguas subterráneas como fuente de abastecimiento en cuya extracción se utilizará un equipo de bombeo sumergible de eje vertical dotado de una potencia de 2 Hp. 
650 7 |a ABASTECIMIENTO DE AGUA 
650 7 |b AGUA POTABLE 
650 7 |c SISTEMA DE AGUA POTABLE – DISEÑO 
650 7 |d TRATAMIENTO Y DESINFECCION DE AGUA POTABLE 
700 1 |a Tutor:  |b González Arias, Horacio José 
942 |c BK  |2 ddc 
991 |a TESIS 
999 |c 16533